00529nam a2200085Ia 4500008004100000245005200041300027600093650001100369856006300380170517s9999 xx 000 0 und d aHollywood and The Pentagon: A Dangerous Liaison aThe American Army's intrusion in Hollywood war films may surprise some. In fact, the U.S. Army secret services have had close ties with American filmmakers for several decades. The movie Top Gun, for instance, was filmed with the support and approval of the U.S. Army.... xMedia. uhttp://topdocumentaryfilms.com/hollywood-and-the-pentagon/